[Event "Burjassot Provincial-ch Primera"]
[Site "Burjassot"]
[Date "2011.11.19"]
[Round "6.2"]
[White "Martinez Jimenez, Francisco II"]
[Black "Mir Latorre, Angel"]
[Result "0-1"]
[WhiteElo "1580"]
[BlackElo "1879"]
[PlyCount "74"]
[EventDate "2011.10.01"]
[EventType "swiss"]
[EventRounds "7"]
[EventCountry "ESP"]
[SourceTitle "EXT 2024"]
[Source "ChessBase"]
[SourceDate "2023.10.10"]
[SourceVersion "1"]
[SourceVersionDate "2023.10.10"]
[SourceQuality "1"]

1. e4 e6 2. d4 d5 3. Nc3 Bb4 4. e5 c5 5. a3 Bxc3+ 6. bxc3 Ne7 7. f4 Nbc6 8. Nf3 Nf5 9. Bd3 Qb6 10. Bxf5 exf5 11. 0-0 cxd4 12. cxd4 0-0 13. Qd3 Na5 14. Bd2 Nc4 15. Rab1 Qc7 16. Bb4 Re8 17. Nh4 Bd7 18. Nxf5 Bxf5 19. Qxf5 Ne3 20. Qd3 Nxf1 21. Rxf1 Rac8 22. Rf2 Re6 23. Bd6 Qc3 24. Qd1 Rc4 25. Bc5 b6 26. Rf3 Qxc2 27. Qxc2 Rxc2 28. f5 Re8 29. Bb4 Rec8 30. e6 fxe6 31. fxe6 Re2 32. e7 Rc1+ 33. Rf1 Rxf1+ 34. Kxf1 Re4 35. Bd6 Kf7 36. Be5 Rxe5 37. dxe5 Kxe7 0-1